00524nam a22001577a 4500020001500000022001500015022001500030022001500045082003100060110005200091245008800143260007300231300001600304526003700320650000900357 a188459087X a1884590888 a1884590934 a1884590942 a624.18341bUNIcN-01, P-89 aInternational Conference of Building Officials. a1997 uniform building code vol-1 /cInternational Conference of Building Officials. aCalifronia :bInternational Conference of Building Officials.c1994. aMisc Pages. a0b0c0d624_183410000000000_UNI aNUST